|
|
|
|
| LEADER |
01751nam a2200289 a 4500 |
| 001 |
15576 |
| 003 |
BD-DhAAL |
| 008 |
100121s2006 bg b 000 0 eng d |
| 999 |
|
|
|c 7265
|d 7265
|
| 010 |
|
|
|a 2007340560
|
| 040 |
|
|
|a DLC
|c DLC
|d DB-DhAAL
|
| 082 |
0 |
0 |
|a 351.5492
|2 22
|
| 245 |
0 |
4 |
|a The state of governance in Bangladesh, 2006 :
|b knowledge, perceptions, reality /
|
| 260 |
|
|
|a Dhaka :
|b Centre for Governance Studies, BRAC University ;
|b BRAC, Research and Evaluation Division,
|c 2006.
|
| 300 |
|
|
|a xvi, 149, [1] pages ;
|c 30 cm.
|
| 504 |
|
|
|a Includes bibliographical references (pages 133-149).
|
| 541 |
1 |
|
|a Donated By Akbar Ali Khan
|e 15576, 38050
|
| 651 |
|
0 |
|a Bangladesh
|x Politics and government
|y 1971
|9 19801
|
| 710 |
2 |
|
|a BRAC University.
|b Centre for Governance Studies.
|9 19802
|
| 710 |
2 |
|
|a BRAC.
|b Research and Evaluation Division.
|9 19803
|
| 852 |
4 |
|
|a Ayesha Abed Library
|c General Stacks
|
| 942 |
|
|
|2 ddc
|c BK
|
| 952 |
|
|
|0 0
|1 4
|2 ddc
|4 0
|6 351_549200000000000_STA
|7 0
|9 7610
|a BRACUL
|b BRACUL
|c GEN
|d 2010-01-31
|l 0
|o 351.5492 STA
|p 3010015576
|r 2010-01-31
|t 1
|w 2010-01-31
|y BK
|x Koha Inventory 2020
|
| 952 |
|
|
|0 0
|1 0
|2 ddc
|4 0
|6 351_549200000000000_STA_2006
|7 0
|9 7611
|a BRACUL
|b BRACUL
|c GEN
|d 2010-01-31
|l 0
|o 351.5492 STA
|p 3010015577
|r 2010-01-31
|t 2
|w 2010-01-31
|y BK
|
| 952 |
|
|
|0 0
|1 0
|2 ddc
|4 0
|6 351_549200000000000_STA_2006
|7 0
|9 7612
|a BRACUL
|b BRACUL
|c GEN
|d 2010-01-31
|l 0
|o 351.5492 STA
|p 3010015578
|r 2010-01-31
|t 3
|w 2010-01-31
|y BK
|
| 952 |
|
|
|0 0
|1 0
|2 ddc
|4 0
|6 351_549200000000000_STA_2006
|7 0
|9 7613
|a BRACUL
|b BRACUL
|c GEN
|d 2010-01-31
|l 0
|o 351.5492 STA
|p 3010015579
|r 2010-01-31
|t 4
|w 2010-01-31
|y BK
|
| 952 |
|
|
|0 0
|1 0
|2 ddc
|4 0
|6 351_549200000000000_STA
|7 1
|9 70275
|a BRACUL
|b BRACUL
|c AAKC
|d 2022-03-27
|e Donated by Akbar Ali Khan
|l 0
|o 351.5492 STA
|p 3010038050
|r 2022-03-27
|t 1
|w 2022-03-27
|y BK
|